Länder, die Benin am nächsten liegen - 15-Sekunden-Sprint - Statistiken

Allgemein
  • Dieses Quiz wurde 49 mal gespielt
  • Das Durchschnittsergebnis liegt bei 5 aus 20
Antwortstatistiken
km Land % Korrekt
0 Togo
80%
43 Ghana
77%
0 Niger
66%
0 Nigeria
66%
0 Burkina Faso
37%
326 Mali
34%
315 Côte d'Ivoire
31%
668 Kamerun
26%
997 Liberia
17%
969 Gabun
14%
947 Guinea
14%
1340 Senegal
14%
1261 Kongo
9%
857 Mauretanien
9%
1114 Tschad
9%
733 Algerien
6%
720 Äquatorial-Guinea
3%
735 São Tomé und Príncipe
3%
1232 Sierra Leone
3%
1291 Zentralafrikanische Republik
0%
Keine übereinstimmenden Quizze gefunden
Verteilung der Resultate
Anzahl Personen mit jedem Resultat
Perzentil nach korrekt beantworteten Fragen
Ihre Resultats-Entwicklung
Sie haben dieses Quiz noch nicht gespielt